Treatment of arsenic contaminated waste and soil with iron /
Saved in:
| 主要作者: | |
|---|---|
| 格式: | Thesis 图书 |
| 语言: | English |
| 出版: |
2000.
|
| 主题: | |
| 标签: |
添加标签
没有标签, 成为第一个标记此记录!
|
| LEADER | 00811cam a2200253 a 4500 | ||
|---|---|---|---|
| 001 | u489841 | ||
| 003 | SIRSI | ||
| 008 | 000224s2000 si v 00 1 eng m | ||
| 035 | |a ACR-5248 | ||
| 040 | |a UMM | ||
| 090 | |a TD7 |b NUS 2000 Zin | ||
| 100 | 1 | 0 | |a Zin, Mar Aye |
| 245 | 1 | 0 | |a Treatment of arsenic contaminated waste and soil with iron / |c by Zin Mar Aye. |
| 260 | |c 2000. | ||
| 300 | |a 1 v. (various pagings) : |b ill. ; |c 30 cm. | ||
| 502 | |a Dissertation (M.Sc.) -- National University of Singapore, 2000. | ||
| 504 | |a Bibliography: leaves R1-R6. | ||
| 650 | 0 | |a Arsenic. | |
| 650 | 0 | |a Arsenic compounds. | |
| 650 | 0 | |a Soil pollution. | |
| 900 | |a NHS | ||
| 948 | |a 05/11/2001 |b 05/11/2002 | ||
| 596 | |a 1 | ||
| 999 | |a TD7 NUS 2000 ZIN |w LC |c 1 |i A510540935 |l B_KOM4 |m P01UTAMA |r Y |s Y |t TESIS |u 13/11/2002 |o .PUBLIC. BKOM 4 : 44988 | ||
